Japan in current world affairs 1970-1972
Japan in current world affairs 1970-1972, which carries 21 articles selected from the "Kokusai Jihyo" for the past two years. All of these articles were contributed by well-known and authoritative persons in Japan on its political and economic international relations.
Na minha lista:
| Formato: | Livro |
|---|---|
| Idioma: | Undetermined |
| Publicado em: |
Tokyo
The Japan Times
1972
|
| Assuntos: | |
| Tags: |
Adicionar Tag
Sem tags, seja o primeiro a adicionar uma tag!
|
| Thư viện lưu trữ: | Trung tâm Học liệu Trường Đại học Cần Thơ |
|---|
| LEADER | 00819nam a2200205Ia 4500 | ||
|---|---|---|---|
| 001 | CTU_110250 | ||
| 008 | 210402s9999 xx 000 0 und d | ||
| 082 | |a 327.52 | ||
| 082 | |b J36/1972 | ||
| 245 | 0 | |a Japan in current world affairs 1970-1972 | |
| 245 | 0 | |c Edited by Kajima Institute of International Peace | |
| 260 | |a Tokyo | ||
| 260 | |b The Japan Times | ||
| 260 | |c 1972 | ||
| 520 | |a Japan in current world affairs 1970-1972, which carries 21 articles selected from the "Kokusai Jihyo" for the past two years. All of these articles were contributed by well-known and authoritative persons in Japan on its political and economic international relations. | ||
| 650 | |a Japan | ||
| 650 | |x Foreign relations | ||
| 650 | |y 1945-1989 | ||
| 904 | |i Minh | ||
| 980 | |a Trung tâm Học liệu Trường Đại học Cần Thơ | ||